01395cam a2200337 a 4500001000800000005001700008008004100025020003200066035002100098035002400119035002300143035001700166040002200183041001100205045000900216082001500225100004300240110005100283245017300334260007400507300003400581500006700615500007400682500003300756504004100789546002200830650004600852700004200898710005200940856006500992794086020220326193301.0100906s2010 sp a c 000 0 spa d a9788461396238 :c50.00 EUR. a(OCoLC)668942646 a(OCoLC)ocn668942646 a(ItFiC)it 60697757 a(NNC)7940860 aItFiCbengcItFiC0 aspaeng ax4x-14a707bL123p aÁlvares Gonzáles, Mercedes et all  aLABoral Centro de Arte y Creación Industrial03aEl proceso como paradigma :barte en desarrollo, movimiento y cambio = Process as paradigm : art in development, flux and change.cMercedes Álvares Gonzáles et all  a[Gijón] :bLABoral, Centro de Arte y Creación Industrial,c[2010] a173 p. :bcol. ill. ;c25 cm. aExhibition catalogue, Gijón, LABoral, Apr. 23-Aug. 30, 2010. aOn t.p.: Gobierno del Principado de Asturias; Fundación Telefonica. aText in English and Spanish. aIncludes bibliographical references. aSpanish, English. 0aArt, Europeany21st centuryvExhibitions. aMercedes Álvares Gonzáles et all  aLABoral, Centro de Arte y Creación Industrial42uhttp://www.columbia.edu/cgi-bin/cul/resolve?clio79408603TOC